000 00921nam a2200313 i 4500
001 5389
003 ES-MaACL
005 20250728114020.0
007 t|
008 880609s1987 sp ||||1| spa d
020 _a84-306-9963-5
080 _a301:2
080 _a2:301
080 _a33:2
080 _a2:33
100 1 _aWeber, Max.
_9116265
245 1 0 _aEnsayos sobre sociología de la religión /
_cMax Weber; versión castellana de José Almaraz y Julio Carabaña.
250 _a2a ed. corr.
260 _aMadrid :
_bTaurus,
_c1987.
300 _a3 V. ;
_c21 cm.
490 1 _aEnsayistas ;
_vv. 236-238
500 _aIndice.
650 7 _aSociología de la religión
_2embne
_917209
700 1 _aAlmaraz, José.
_920093
700 1 _aCarabaña, Julio.
_934922
830 0 _aEnsayistas ;
_vv. 236-238
_9177257
852 _aES-MaACL
_jL-12078-80
_bR.115235
_z. - Rust.
999 _c5389
_d5389